[Event "Warsaw YMCA Summer-A 244th"]
[Site "Warsaw"]
[Date "2021.08.12"]
[Round "10"]
[White "Pasternak Winiarski, Adam"]
[Black "Pajak, Jakub Lech"]
[Result "0-1"]
[WhiteElo "1640"]
[BlackElo "1931"]
[PlyCount "118"]
[EventDate "2021.06.30"]
[EventType "tourn"]
[EventRounds "10"]
[EventCountry "POL"]
[SourceTitle "EXT 2022"]
[Source "ChessBase"]
[SourceDate "2021.10.06"]
[SourceVersion "1"]
[SourceVersionDate "2021.10.06"]
[SourceQuality "1"]

1. e4 c5 2. Nf3 Nc6 3. d4 cxd4 4. Nxd4 g6 5. Be3 Nf6 6. Nc3 Bg7 7. f3 0-0 8. Qd2 d5 9. Nxc6 bxc6 10. 0-0-0 Be6 11. exd5 cxd5 12. Bd4 Qa5 13. g4 Rfd8 14. h4 Rab8 15. h5 Rb4 16. hxg6 hxg6 17. a3 Rxd4 18. Qxd4 Ne4 19. Qb4 Qxb4 20. axb4 Nf2 21. Be2 Nxh1 22. Rxh1 Rb8 23. Nb5 Bd7 24. Nc7 e6 25. Na6 Rb6 26. c3 d4 27. Nc5 Bb5 28. c4 Be8 29. b5 Bf8 30. Ne4 Be7 31. c5 Rb8 32. c6 f5 33. gxf5 exf5 34. Nd2 Bf7 35. Kc2 Rc8 36. Ra1 Bc5 37. Ra4 Kg7 38. b4 Bb6 39. Nc4 Bxc4 40. Bxc4 Kf6 41. Ra1 Re8 42. Rd1 Re3 43. Rd3 Rxd3 44. Kxd3 Ke5 45. Bb3 Kf4 46. Bd1 g5 47. Be2 g4 48. fxg4 fxg4 49. c7 Bxc7 50. Bxg4 Kxg4 51. Kxd4 Bb6+ 52. Kc4 Kf4 53. Kd5 Ke3 54. Kc4 Kd2 55. Kb3 Kd3 56. Ka3 Kc3 57. Ka4 Kc4 58. Ka3 Kxb5 59. Kb3 Bd4 0-1

[Event "Warsaw YMCA Summer-A 244th"]
[Site "Warsaw"]
[Date "2021.08.05"]
[Round "5"]
[White "Pajak, Jakub Lech"]
[Black "Pasternak Winiarski, Adam"]
[Result "1-0"]
[WhiteElo "1931"]
[BlackElo "1640"]
[PlyCount "60"]
[EventDate "2021.06.30"]
[EventType "tourn"]
[EventRounds "10"]
[EventCountry "POL"]
[SourceTitle "EXT 2022"]
[Source "ChessBase"]
[SourceDate "2021.10.06"]
[SourceVersion "1"]
[SourceVersionDate "2021.10.06"]
[SourceQuality "1"]

1. e4 c5 2. Nf3 d6 3. d4 cxd4 4. Nxd4 Nf6 5. Nc3 a6 6. g3 e5 7. Nf3 h6 8. Bg2 b5 9. 0-0 Be6 10. Be3 Be7 11. a4 b4 12. Nd5 Nxd5 13. exd5 Bf5 14. Nxe5 Bf6 15. Nc4 Qc7 16. Nb6 Ra7 17. c3 bxc3 18. bxc3 Rb7 19. Qf3 Bg6 20. a5 Qxc3 21. Rac1 Qxa5 22. Rc8+ Bd8 23. Nc4 Qb4 24. Bd2 Qb3 25. Nxd6+ Kd7 26. Nxb7 Qxf3 27. Rxd8+ Rxd8 28. Bxf3 Rc8 29. Rc1 Rxc1+ 30. Bxc1 Bd3 1-0